000 00350nam a2200145Ia 4500
008 150201s2000 xx 000 0 und d
082 _a617
_bS2000R
100 _aR.C.G. RUSSEL
245 _aSHORT PRACTICE OF SURGERY
250 _a23TH
260 _bARNOLD PUBLICATION
_aLONDON
_c2000
300 _a1-1348
650 _aSURGERY
942 _2ddc
_cBK
_01
999 _c2581
_d2581